00929nam a2200193Ia 4500001000900000003001000009008004100019040002500060041001300085100002400098245008000122250001100202260006600213300001200279500014500291501011400436520014500550650004000695L109-687IT-CnALBA170116s9999||||xx |||||||||||||| ||und|| aIT-CnALBAcIT-CnALBA aITALIANO aFIORENTINO FERNANDO 0aMANUALE DELLA STORIA DELLA FILOSOFIA. PARTE II. LA FILOSOFIA DEL MEDIOEVO.  a1a ed. bDOMENICO MORANO LIBRAIO EDITORE NAPOLI'c1879 [1° Ed.: n.d.] a150 p.  aIL CRISTIANESIMO. PADRI DELLA CHIESA. SCOLASTICA. FILOSOFIA ARABA. TOMMASO D'AQUINO. OCCAM GUGLIELMO. RINASCIMENTO. RIFORMA. CONTRORIFORMA.  aSocietà San Paolo EM - Piazza San Paolo, 14 - 12051 ALBA (CN) (non commercial uses only) ® Copyright 2017 aIL CRISTIANESIMO. PADRI DELLA CHIESA. SCOLASTICA. FILOSOFIA ARABA. TOMMASO D'AQUINO. OCCAM GUGLIELMO. RINASCIMENTO. RIFORMA. CONTRORIFORMA.  aTRATTAZIONE STORICA DELLA FILOSOFIA